O servidor público e a reforma administrativa / (Record no. 953)

MARC details
000 -LÍDER
Campo Fixo de Controle 00788nam a2200253 a 4500
001 - NÚMERO DE CONTROLE
Campo de Controle 953
003 - IDENTIFICAÇÃO DO NÚMERO DE CONTROLE
Campo de Controle BR-CuiBMT
005 - DATA E HORA DA ÚLTIMA ATUALIZAÇÃO
Campo de Controle 20231201122718.0
008 - DADOS FIXOS
Dados Fixos 231123s2008 rjb 001 0 por d
020 ## - INTERNATIONAL STANDARD BOOK NUMBER
Nº do ISBN 9788530923389
040 ## - AGÊNCIA CATALOGADORA
Código da Agência Catalogadora BR-CuiBMT
Agência que transcreveu o registro BR-CuiBMT
080 ## - Nº DA CLASSIFICAÇÃO DECIMAL UNIVERSAL
Nº edição CDU 2007
Nº Class. CDU 35.08
Subd. Auxiliar Comum (81)
090 ## - NÚMERO DE CHAMADA
Nº classificação 35.08(81)
Cutter M187s
Ano/Edição 1. ed.
100 1# - ENTRADA PRINCIPAL -- AUTOR PESSOAL
Nome pessoal Mafra Filho, Francisco de Salles Almeida
245 12 - TÍTULO PRINCIPAL
Título principal O servidor público e a reforma administrativa /
Indicação de responsabilidade Francisco de Salles Almeida Mafra Filho.
250 ## - EDIÇÃO
Edição 1. ed.
260 ## - PUBLICAÇÃO, DISTRIBUIÇÃO, ETC.
Local de publicação Rio de Janeiro :
Editora Forense,
Data 2008.
300 ## - DESCRIÇÃO FÍSICA
N. páginas ou volumes 233 p. ;
Dimensões 23 cm
504 ## - NOTA DE BIBLIOGRAFIA, ETC.
Nota de bibliografia Inclui bibliografia e índice.
650 ## - ASSUNTO TÓPICO
Cabeçalho tópico ou nome geográfico Servidores públicos
Subdivisão geral Estatuto legal
Subdivisão geográfica Brasil
650 ## - ASSUNTO TÓPICO
Cabeçalho tópico ou nome geográfico Reforma administrativa
650 ## - ASSUNTO TÓPICO
Cabeçalho tópico ou nome geográfico Serviço público
942 ## - ELEMENTOS DE ENTRADA ADICIONAIS (KOHA)
Fonte de classificação ou esquema de arquivamento Classificação Decimal Universal
Tipo de item do Koha Livros
Holdings
Estado: removido Estado: perdido Fonte de classificação ou esquema de arquivamento Estado: danificado Indisponível para empréstimo Localização permanente Localização atual Data de aquisição Total Checkouts Número de Chamada completo Código de barras Date last seen Número do exemplar Preço efetivo a partir de Tipo de item (Koha)
    Classificação Decimal Universal     Biblioteca da Escola Superior de Contas do TCE/MT Biblioteca da Escola Superior de Contas do TCE/MT 26/11/2019   35.08(81) M187s BIBTCEMT23111007 23/11/2023 Ex. 1 23/11/2023 Livros

Powered by Koha